| 000 | 00463nam a22001817a 4500 | ||
|---|---|---|---|
| 999 |
_c7818 _d7816 |
||
| 005 | 20210904141005.0 | ||
| 008 | 210821b ||||| |||| 00| 0 eng d | ||
| 020 | _a2781847662620 | ||
| 041 | _aeng | ||
| 082 | _a342.410 | ||
| 100 |
_aMACDONALD ,LYNDA _96546 |
||
| 245 | _aDATA PROTECTION: LEGAL COMPLAINCE AND GOOD PRACTICE FOR EMPLOYERS | ||
| 250 | _a2nd, Ed. | ||
| 260 |
_aU.K.[W.S] _bTOTTEL _c2008 |
||
| 300 | _a221;p | ||
| 650 |
_aLAW _95701 |
||
| 942 | _cBK | ||